| 000 | 00402nam a22001337a 4500 | ||
|---|---|---|---|
| 020 | _a0-333-41383-0 | ||
| 082 | _a004 COM'D | ||
| 100 |
_aDAMACHI, UKANDI G , SOUNDER, H. RAY _965482 |
||
| 245 | _aCOMPUTERS AND COMPUTER APPLICATIONS IN DEVELOPING COUNTRIES | ||
| 260 |
_aNEWYORK _bMACMILLAN _c1987 |
||
| 300 | _a210P | ||
| 650 |
_aELECTRONIC DIGITAL COMPUTERS DEVELOPING COUNTRIES _965483 |
||
| 942 | _cBK | ||
| 999 |
_c573672 _d573672 |
||